00927 2200193 4500001002100000005001500021035002000036008004100056245003900097100001700136250000600153260003400159300001200193084001400205082000800219650001000227520048400237990001200721INLIS00000000000019520240711090121 a0010-0424000171240711 1 ind 1 aBintaro Spring Tide /cAila Nadari aNadari, Aila a1 aSolo :bTiga Serangkai,c2014 a142 hlm a813 AIL b a813 4aFiksi amahasiswa dengan nilai di bawah standar akan dikeluarkan. Begitu juga bagi mereka yang menyontek saat ujian, plagiat dalam paper, atau berkelahi. Tanpa banding. Tanpa pledoi. Tanpa ampun. Semua ini proses yang akan kalian petik buahnya nanti," ujar pimpinan kampus. Tidak sedikit mahasiswa yang lantas mengidap drop-out phobia, Mengasingkan diri, bermutasi menjadi makhluk apatis, yang penting berkutat dengan diktat agar aman. Menjadi standar, dan pada akhirnya, membosankan. a0732459